000 00253nam a22001217a 4500
003 SGT
082 _a337,SAL
100 _aSALVATORE DOMINICK
245 _aINTERNATIONAL ECONOMICS
260 _bWILEY PUB
_c2016
300 _a740
942 _2ddc
_cGF BOOKS
999 _c34418
_d34418